الدخان يقتحم عينيك : (Record no. 146015)

MARC details
000 -الفاتح
عناصر البيانات ثابتة الطول 00828cam a2200205 i 4500
005 - تاريخ ووقت آخر معاملة
حقل ضبط 20260204090359.0
008 - عناصر البيانات ثابتة الطول
عناصر البيانات ثابتة الطول 250721s2022 xx gr 000 0 ara d
020 ## - الترقيم الدولي المعياري للكتب (ردمك)
الترقيم الدولي المعياري للكتب (ردمك) 9789776972515
082 14 - رقم تصنيف ديوي العشري
رقم التصنيف 395.23
رقم المادة د و ت
100 1# - مدخل رئيسي – اسم شخصي
الاسم الشخصي دوتي، كيتلين
علاقة الشخص بالعمل/ دوره مؤلف.
245 12 - بيان العنوان
العنوان الدخان يقتحم عينيك :
بقية العنوان مواجهة عاطفية ومثيرة للفضول وجها لوجه مع الموت والحداد والطقوس الجنائزية /
بيان المسؤولية تأليف كليتلين دوتي، ترجمة عمر العوضي.
246 10 - الأشكال المختلفة للعنوان
العنوان الفعلي/العنوان المختصر Smoke Gets IN Your Eyes
264 31 - بيانات النشر، التوزيع…إلخ
مكان النشر، التوزيع...إلخ القاهرة :
اسم الناشر، الموزع...إلخ عصير الكتب،
تاريخ النشر، التوزيع...إلخ 2022.
300 ## - الوصف المادي
عدد الوحدات المكونة للوعاء 262 صفحة.
650 17 - مدخل إضافي بالموضوع - مصطلح موضوعي
مصطلح موضوعي أو اسم جغرافي كعنصر مدخل الاتيكيت.
650 17 - مدخل إضافي بالموضوع - مصطلح موضوعي
مصطلح موضوعي أو اسم جغرافي كعنصر مدخل الجنائز.
700 1# - مدخل إضافي - اسم شخصي
الاسم الشخصي العوضي، عمر
علاقة الشخص بالعمل/ دوره مترجم.
942 ## - بيانات إضافية (كوها)
نوع التنصيف Dewey Decimal Classification
نوع المادة (كوها) Books
Holdings
حالة السحب حالة الفقدان مصدر التصنيف حالة التلف غير قابل للإعارة المكتبة الرئيسية المكتبة الحالية موقع الرف تاريخ التزويد الرقم المتسلسل Total Checkouts رقم الإستدعاء الباركود تاريخ آخر ظهور تاريخ الفاتورة نوع المادة (كوها)
    Dewey Decimal Classification     المكتبة المركزية المكتبة المركزية الإعارة 28/07/2025 1784548   395.23 / د و ت PLD00507910 28/07/2025 28/07/2025 Books
Implemented & Customized by: BBB with SCIT (Smart Chains for Information Technology)

Powered by Koha